MARC

LEADER 00000nam0a2200000 4500
001 302538
005 20231102001519.0
035 |a (RuTPU)RU\TPU\book\327745 
090 |a 302538 
100 |a 20150824d1965 km y0rusy50 ca 
101 0 |a rus 
102 |a RU 
105 |a a z 001zy 
200 1 |a Автоматическое регулирование индукционных плавильных установок  |f Д. А. Гитгарц, Я. А. Полищук 
210 |a Москва  |a Ленинград  |c Энергия  |d 1965 
215 |a 80 с.  |c ил. 
225 1 |a Библиотека электротермиста  |v Вып. 24 
320 |a Библиогр.: с. 80. 
606 1 |a Нагревательные установки индукционные  |2 stltpush  |3 (RuTPU)RU\TPU\subj\44755  |9 64035 
610 1 |a автоматическое регулирование 
610 1 |a индукционный нагрев 
610 1 |a плавильные установки 
610 1 |a плавильные электропечи 
610 1 |a автоматические регуляторы 
675 |a 621.365.5  |v 3 
700 1 |a Гитгарц  |b Д. А.  |g Дмитрий Абрамович 
701 1 |a Полищук  |b Я. А.  |g Янина Александровна 
801 1 |a RU  |b 63413507  |c 20150824 
801 2 |a RU  |b 63413507  |c 20220415  |g RCR 
942 |c BK